Представление документа в формате MARC21

ПолеНазваниеЗначение
  Тип записи a
  Библиографический уровень m
001 Контрольный номер RU/URAIT/585449
005 Дата корректировки 20260429163623.8
008 Кодируемые данные 260429s2026 RU y f j 000 0 rus u
020 Индекс ISBN __
a ISBN 978-5-534-20580-0
c Цена, тираж 2159.00
040 Источник каталогиз. __
a Служба первич. каталог. ИКО Юрайт
c Служба, преобразующая запись ИКО Юрайт
e Правила каталог. RCR
041 Код языка издания __
a Код языка текста rus
044 Код страны публикации __
a Код страны публикации RU
080 Индекс УДК __
a Индекс УДК 93/94(075.8)
084 Индекс другой классификации/Индекс ББК __
2 Источник индекса rubbk
a Индекс другой классификации/Индекс ББК 63.3я73
100 Автор __
a Автор Фирсов С. Л.
q Полное имя Фирсов Сергей Львович
245 Заглавие __
a Заглавие История России
b Продолж. заглавия учебник для вузов
c Ответственность С. Л. Фирсов.
250 Сведения об издании __
g пер. и доп
a Основные сведения об издании 3-е изд.
256 Характеристики компьютерного файла __
a Характеристики компьютерного файла Электрон. дан.
260 Выходные данные __
a Место издания Москва
b Издательство Юрайт
c Дата издания 2026
300 Физическое описание __
a Объем 417 с
440 Серия __
a Серия Высшее образование
500 Примечания __
a Примечание URL: https://urait.ru/bcode/585449 (дата обращения: 29.04.2026).
520 Аннотация __
a Аннотация Данный курс посвящен исторической судьбе России с древнейших времен и до наших дней. В нем рассматриваются вопросы становления и развития российской государственности, причины и следствия революционных событий 1917 г.; значительное место отводится истории России (СССР) в XX — начале XXI в. История предстает здесь не просто как собрание фактов, но как живой рассказ о людях, делавших ее. В издании представлены материалы, ранее не освещавшиеся в курсах отечественной истории или освещавшиеся недостаточно: политические партии в России в начале XX в.; политическая борьба в советском руководстве в 1950—1960 гг.; основные этапы развития церковно-государственных отношений в России. Для студентов высших учебных заведений, а также всех интересующихся историей страны.
538 Прим. о системных особенностях __
a Прим. о системных особенностях Режим доступа: Электронно-библиотечная система Юрайт, для авториз. пользователей
653 Ключевые слова __
a Ключевые слова История России
653 Ключевые слова __
a Ключевые слова Общественные науки
653 Ключевые слова __
a Ключевые слова История Отечества
653 Ключевые слова __
a Ключевые слова История России
653 Ключевые слова __
a Ключевые слова Отечественная история
653 Ключевые слова __
a Ключевые слова Отечественная история ХХ века
653 Ключевые слова __
a Ключевые слова История России. XX век
653 Ключевые слова __
a Ключевые слова История России до XX века
653 Ключевые слова __
a Ключевые слова Основы отечественной истории XX века
653 Ключевые слова __
a Ключевые слова История
653 Ключевые слова __
a Ключевые слова История России (ХХ век)
653 Ключевые слова __
a Ключевые слова История России ХХ века
653 Ключевые слова __
a Ключевые слова История России (XX в.)
653 Ключевые слова __
a Ключевые слова История России (до XX в.)
653 Ключевые слова __
a Ключевые слова История России (до ХХ века)
653 Ключевые слова __
a Ключевые слова История России (ХХ в.)
653 Ключевые слова __
a Ключевые слова История (история России, всеобщая история)
653 Ключевые слова __
a Ключевые слова История России XX века
653 Ключевые слова __
a Ключевые слова История России нового времени
653 Ключевые слова __
a Ключевые слова История России (до ХХ в.)
653 Ключевые слова __
a Ключевые слова История (история России и всеобщая история)
653 Ключевые слова __
a Ключевые слова История (всеобщая история, история России)
653 Ключевые слова __
a Ключевые слова Введение в отечественную историю
653 Ключевые слова __
a Ключевые слова История России (всеобщая история)
653 Ключевые слова __
a Ключевые слова Введение в историю
653 Ключевые слова __
a Ключевые слова История России 20 века
653 Ключевые слова __
a Ключевые слова История (истории России, всеобщая история)
653 Ключевые слова __
a Ключевые слова История: история России
653 Ключевые слова __
a Ключевые слова История (истории России, всеобщей истории)
653 Ключевые слова __
a Ключевые слова История (история, всеобщая история)
653 Ключевые слова __
a Ключевые слова История (история России, всемирная история)
653 Ключевые слова __
a Ключевые слова История (История становления Российской государственности)
856 Электронный адрес документа 40
n Местонахождение сервера Юрайт
g Электронная книга
q Тип электронного формата html
h Имя пользователя ЮРАЙТ
v Часы доступа к ресурсу 20271231
2 Способ доступа Показать документ
x Служебное примечание https://urait.ru/book/cover/5B2D1C10-20CB-4E1E-BA29-ED8F99B36FD6
u URL https://urait.ru/bcode/585449
856 Электронный адрес документа 48
q Тип электронного формата cover
u URL https://urait.ru/book/cover/5B2D1C10-20CB-4E1E-BA29-ED8F99B36FD6
911 __
u 0030=https://urait.ru/bcode/585449
911 __
u 073a=9785534205800
u 073d=2159.00
911 __
u 106a=s
911 __
u 900l=
952 Тип литературы __
i Дисциплина История Отечества
952 Тип литературы __
i Дисциплина История России
952 Тип литературы __
i Дисциплина Отечественная история
952 Тип литературы __
i Дисциплина Отечественная история ХХ века
952 Тип литературы __
i Дисциплина История России. XX век
952 Тип литературы __
i Дисциплина История России до XX века
952 Тип литературы __
i Дисциплина Основы отечественной истории XX века
952 Тип литературы __
i Дисциплина История
952 Тип литературы __
i Дисциплина История России (ХХ век)
952 Тип литературы __
i Дисциплина История России ХХ века
952 Тип литературы __
i Дисциплина История России (XX в.)
952 Тип литературы __
i Дисциплина История России (до XX в.)
952 Тип литературы __
i Дисциплина История России (до ХХ века)
952 Тип литературы __
i Дисциплина История России (ХХ в.)
952 Тип литературы __
i Дисциплина История (история России, всеобщая история)
952 Тип литературы __
i Дисциплина История России XX века
952 Тип литературы __
i Дисциплина История России нового времени
952 Тип литературы __
i Дисциплина История России (до ХХ в.)
952 Тип литературы __
i Дисциплина История (история России и всеобщая история)
952 Тип литературы __
i Дисциплина История (всеобщая история, история России)
952 Тип литературы __
i Дисциплина Введение в отечественную историю
952 Тип литературы __
i Дисциплина История России (всеобщая история)
952 Тип литературы __
i Дисциплина Введение в историю
952 Тип литературы __
i Дисциплина История России 20 века
952 Тип литературы __
i Дисциплина История (истории России, всеобщая история)
952 Тип литературы __
i Дисциплина История: история России
952 Тип литературы __
i Дисциплина История (истории России, всеобщей истории)
952 Тип литературы __
i Дисциплина История (история, всеобщая история)
952 Тип литературы __
i Дисциплина История (история России, всемирная история)
952 Тип литературы __
i Дисциплина История (История становления Российской государственности)